[Event "Wch U16 Girls"]
[Site "Durban"]
[Date "2014.09.23"]
[Round "5"]
[White "Virkud, Apurva"]
[Black "Jain, Shaileja"]
[Result "1-0"]
[WhiteElo "2041"]
[BlackElo "1736"]
[PlyCount "67"]
[EventDate "2014.09.20"]
[EventType "swiss"]
[EventRounds "11"]
[EventCountry "RSA"]
[SourceTitle "CBM 162 Extra"]
[Source "ChessBase"]
[SourceDate "2014.10.17"]
[SourceVersion "1"]
[SourceVersionDate "2014.10.17"]
[SourceQuality "1"]

1. d4 Nf6 2. c4 g6 3. Nc3 Bg7 4. e4 d6 5. f3 0-0 6. Be3 e5 7. d5 a5 8. Qd2 Na6 9. Nge2 Ne8 10. 0-0-0 Nc5 11. Kb1 f5 12. Nc1 fxe4 13. Nxe4 Bf5 14. Bxc5 dxc5 15. Bd3 Nd6 16. Nxd6 Qxd6 17. Ne2 Qb6 18. Nc3 Bxd3+ 19. Qxd3 e4 20. fxe4 Rf2 21. Rd2 Raf8 22. Nd1 Rxd2 23. Qxd2 a4 24. a3 Bd4 25. Re1 Qd6 26. g3 Rf3 27. Qe2 Rb3 28. e5 Qb6 29. e6 g5 30. e7 Qg6+ 31. Qe4 Qe8 32. Rf1 Bg7 33. Qe6+ Kh8 34. Qf7 1-0

[Event "Pan American-ch U16 Girls 24th"]
[Site "Pocos de Caldas"]
[Date "2013.07.30"]
[Round "8.8"]
[White "Zeballos Luque, Shirley"]
[Black "Jain, Shaileja"]
[Result "1/2-1/2"]
[WhiteElo "1570"]
[BlackElo "1792"]
[PlyCount "32"]
[EventDate "2013.07.25"]
[EventType "swiss"]
[EventRounds "9"]
[EventCountry "BRA"]
[SourceTitle "EXT 2022"]
[Source "ChessBase"]
[SourceDate "2021.10.06"]
[SourceVersion "1"]
[SourceVersionDate "2021.10.06"]
[SourceQuality "1"]

1. d4 Nf6 2. Nf3 g6 3. Bf4 Bg7 4. Nbd2 d5 5. e3 0-0 6. Bd3 Nbd7 7. c3 c6 8. Qc2 Re8 9. Ne5 Nh5 10. Ndf3 f6 11. Bxg6 hxg6 12. Qxg6 Nxf4 13. exf4 fxe5 14. Ng5 Nf6 15. Nf7 Qb6 16. Nh6+ Kh8 1/2-1/2

[Event "Pan American-ch U16 Girls 24th"]
[Site "Pocos de Caldas"]
[Date "2013.07.29"]
[Round "6.10"]
[White "Perez, Maria del Rosario"]
[Black "Jain, Shaileja"]
[Result "0-1"]
[WhiteElo "1541"]
[BlackElo "1792"]
[PlyCount "52"]
[EventDate "2013.07.25"]
[EventType "swiss"]
[EventRounds "9"]
[EventCountry "BRA"]
[SourceTitle "EXT 2022"]
[Source "ChessBase"]
[SourceDate "2021.10.06"]
[SourceVersion "1"]
[SourceVersionDate "2021.10.06"]
[SourceQuality "1"]

1. d4 Nf6 2. c4 g6 3. Nf3 Bg7 4. Nc3 d6 5. e4 0-0 6. g3 e5 7. dxe5 dxe5 8. Qxd8 Rxd8 9. Nxe5 Nxe4 10. Nxe4 Bxe5 11. f4 Bg7 12. Bg2 Nc6 13. 0-0 Na5 14. Nd2 Bf5 15. Re1 Bd4+ 16. Kh1 Re8 17. Rd1 Bc2 18. Rf1 Bd3 19. Rd1 Be2 20. Re1 Bf2 21. Rxe2 Rxe2 22. Bf1 Re1 23. Kg2 Be3 24. b4 Bxd2 25. Bxd2 Rxa1 26. bxa5 Rxa2 0-1